000 00443nam a2200169Ia 4500
008 180921t2019 xxu||||| |||| 00| 1 sin d
041 _asin
080 _aX8C31
_bPAT
100 _aPathiraja, Gnanasena
245 _aනොනවතින දඩකෙළිය
246 _aNonavathina Dadakeliya
260 _bSarasavi
_aNugegoda
_c2019
300 _a192p., 21cm
942 _cBK
999 _c8148
_d8148
003 LK-CoDNM
040 _aLK-CoDNM
_dLK-CoDNM
_eLK-CoDNM